[Event "GEO-ch Rapid"]
[Site "Tbilisi"]
[Date "2023.01.26"]
[Round "1"]
[White "Jojua, Davit"]
[Black "Chigladze, Iveri"]
[Result "1-0"]
[WhiteElo "2557"]
[BlackElo "2313"]
[PlyCount "75"]
[EventDate "2023.01.26"]
[EventType "swiss (rapid)"]
[EventRounds "9"]
[EventCountry "GEO"]
[SourceTitle "EXT 2024"]
[Source "ChessBase"]
[SourceDate "2023.10.10"]
[SourceVersion "1"]
[SourceVersionDate "2023.10.10"]
[SourceQuality "1"]

1. d4 d5 2. c4 e6 3. Nc3 Be7 4. cxd5 exd5 5. Bf4 c6 6. e3 Bd6 7. Bxd6 Qxd6 8. Bd3 Ne7 9. Qc2 Bg4 10. Nge2 Bh5 11. Nf4 Bg6 12. Nxg6 hxg6 13. h3 Nd7 14. 0-0-0 Nf6 15. Kb1 Rc8 16. f3 0-0 17. g4 c5 18. h4 a6 19. dxc5 Rxc5 20. Qd2 Nc6 21. Be2 Rd8 22. g5 Ne8 23. h5 gxh5 24. f4 g6 25. f5 Qe5 26. fxg6 fxg6 27. Bd3 Kg7 28. Rdf1 Qe7 29. Bxg6 Kxg6 30. Qc2+ Kg7 31. Rxh5 Kg8 32. Qh2 Qg7 33. Rh1 Qg6+ 34. Ka1 Ng7 35. Rh8+ Kf7 36. Qc7+ Ke6 37. Rxd8 Rxc3 38. Rd6+ 1-0

[Event "Gaprindashvili Cup op 2nd"]
[Site "Tornelo INT"]
[Date "2020.11.09"]
[Round "6"]
[White "Nemsadze, Daviti"]
[Black "Chigladze, Iveri"]
[Result "1-0"]
[WhiteElo "1690"]
[BlackElo "2335"]
[PlyCount "79"]
[EventDate "2020.11.08"]
[EventType "swiss (rapid)"]
[EventRounds "9"]
[EventCountry "GEO"]
[SourceTitle "CBM 199 Extra"]
[Source "ChessBase"]
[SourceDate "2021.01.31"]
[SourceVersion "1"]
[SourceVersionDate "2021.01.31"]
[SourceQuality "1"]

1. d4 Nf6 2. c4 e6 3. Nf3 d5 4. g3 Be7 5. Bg2 0-0 6. 0-0 b6 7. cxd5 exd5 8. Nc3 c5 9. dxc5 bxc5 10. Ne5 Be6 11. b3 Qd6 12. Bf4 Qa6 13. Nxd5 Nxd5 14. Bxd5 Rd8 15. Bxa8 Rxd1 16. Raxd1 g5 17. Be3 Qxa2 18. Bf3 Kg7 19. Ra1 Qxb3 20. Rab1 Qc3 21. Nxf7 g4 22. Bg2 Nd7 23. Rfc1 Qf6 24. Ng5 Bf5 25. Ne4 Qe5 26. Rb7 a5 27. Nxc5 Bxc5 28. Rxc5 Qa1+ 29. Rc1 Qf6 30. Bc6 Qd6 31. Bxd7 Bxd7 32. Rcc7 Qd1+ 33. Kg2 Qxe2 34. Rxd7+ Kg6 35. Rd6+ Kf5 36. Rf7+ Ke4 37. Rd4+ Ke5 38. Re7+ Kf5 39. Rf4+ Kg6 40. Re6+ 1-0

[Event "Gaprindashvili Cup op 2nd"]
[Site "Tornelo INT"]
[Date "2020.11.09"]
[Round "4"]
[White "Quparadze, Giga"]
[Black "Chigladze, Iveri"]
[Result "1-0"]
[WhiteElo "2463"]
[BlackElo "2335"]
[PlyCount "69"]
[EventDate "2020.11.08"]
[EventType "swiss (rapid)"]
[EventRounds "9"]
[EventCountry "GEO"]
[SourceTitle "CBM 199 Extra"]
[Source "ChessBase"]
[SourceDate "2021.01.31"]
[SourceVersion "1"]
[SourceVersionDate "2021.01.31"]
[SourceQuality "1"]

1. e4 Nf6 2. e5 Nd5 3. Nf3 d6 4. d4 dxe5 5. Nxe5 Nd7 6. Nf3 c5 7. c4 N5f6 8. dxc5 e6 9. c6 bxc6 10. Nc3 Bb4 11. Bd2 0-0 12. Be2 a5 13. 0-0 Qc7 14. a3 Be7 15. Qc2 Ba6 16. h3 Rfb8 17. Na4 Rb7 18. Bc3 Nc5 19. Nxc5 Bxc5 20. Rad1 h6 21. Ne5 Rbb8 22. Bf3 Bb7 23. Rfe1 Rd8 24. Rxd8+ Rxd8 25. Qa4 Bd4 26. Bxa5 Ra8 27. Bxc7 Rxa4 28. b4 Rxa3 29. b5 Ne8 30. bxc6 Bc8 31. Bd8 Ra2 32. Nd3 Rc2 33. Rb1 Rxc4 34. Rb8 Ba6 35. Bc7 1-0

[Event "Gaprindashvili Cup op 2nd"]
[Site "Tornelo INT"]
[Date "2020.11.08"]
[Round "1"]
[White "Chigladze, Iveri"]
[Black "Kachkachishvili, Lasha"]
[Result "0-1"]
[WhiteElo "2335"]
[BlackElo "1681"]
[PlyCount "84"]
[EventDate "2020.11.08"]
[EventType "swiss (rapid)"]
[EventRounds "9"]
[EventCountry "GEO"]
[SourceTitle "CBM 199 Extra"]
[Source "ChessBase"]
[SourceDate "2021.01.31"]
[SourceVersion "1"]
[SourceVersionDate "2021.01.31"]
[SourceQuality "1"]

1. d4 Nf6 2. c4 e6 3. Nc3 b6 4. e4 d6 5. Bg5 Be7 6. Bd3 Bb7 7. Nge2 Nbd7 8. 0-0 e5 9. f4 exd4 10. Nxd4 h6 11. Bh4 Nc5 12. b4 Nxd3 13. Qxd3 c5 14. Nf5 cxb4 15. Nb5 Bxe4 16. Nbxd6+ Kf8 17. Qg3 Bxf5 18. Nxf5 g6 19. Rad1 Qe8 20. Nxe7 Qxe7 21. Rfe1 Qc5+ 22. Qe3 Qxe3+ 23. Rxe3 Kg7 24. Rd6 Ng4 25. Rg3 h5 26. h3 Nh6 27. Bf6+ Kh7 28. Bxh8 Nf5 29. Rgd3 Nxd6 30. Rxd6 Kxh8 31. Rd7 Kg7 32. g4 hxg4 33. hxg4 Rc8 34. Rd4 a5 35. Kf2 a4 36. Ke3 Rh8 37. Rd6 Rh3+ 38. Kd4 b3 39. axb3 Rxb3 40. g5 Rb1 41. Ke5 Re1+ 42. Kd5 Rd1+ 0-1

[Event "Titled Tuesday intern op 23rd June"]
[Site "Chess.com INT"]
[Date "2020.06.23"]
[Round "1"]
[White "Kollars, Dmitrij"]
[Black "Chigladze, Iveri"]
[Result "1-0"]
[WhiteElo "2586"]
[BlackElo "2335"]
[PlyCount "91"]
[EventDate "2020.06.23"]
[EventType "swiss (blitz)"]
[EventRounds "10"]
[EventCountry "USA"]
[SourceTitle "CBM 197 Extra"]
[Source "ChessBase"]
[SourceDate "2020.09.30"]
[SourceVersion "1"]
[SourceVersionDate "2020.09.30"]
[SourceQuality "1"]

1. e4 Nf6 2. e5 Nd5 3. d4 d6 4. Nf3 Nc6 5. e6 fxe6 6. Bd3 g6 7. h4 Bg7 8. h5 Ndb4 9. hxg6 Nxd3+ 10. Qxd3 e5 11. Rxh7 Rg8 12. d5 Nd4 13. Nxd4 exd4 14. Bh6 Bxh6 15. Rxh6 Qd7 16. Qxd4 Qf5 17. Nc3 e5 18. dxe6 Qxe6+ 19. Qe4 d5 20. Qxe6+ Bxe6 21. 0-0-0 0-0-0 22. Re1 Kd7 23. Nb5 Bf5 24. Rh7+ Kc8 25. Rxc7+ Kb8 26. Ree7 Bc8 27. g7 a6 28. Nd4 Rd6 29. f4 Rg6 30. f5 Rxg2 31. f6 Rh2 32. b3 Rf2 33. f7 Rxg7 34. Rxc8+ Kxc8 35. Re8+ Kd7 36. f8Q Rxf8 37. Rxf8 Rg4 38. Ne2 Re4 39. Nc3 Re5 40. Kb2 d4 41. Nb1 Re2 42. Rf4 Kc6 43. Rxd4 b5 44. Rd3 Kc5 45. Nc3 Kb6 46. Nxe2 1-0

[Event "Rasht Khazar op 18th"]
[Site "Rasht"]
[Date "2020.02.16"]
[Round "5"]
[White "Chigladze, Iveri"]
[Black "Mosadeghpour, Masoud"]
[Result "0-1"]
[WhiteElo "2346"]
[BlackElo "2499"]
[PlyCount "102"]
[EventDate "2020.02.13"]
[EventType "swiss"]
[EventRounds "9"]
[EventCountry "IRI"]
[SourceTitle "CBM 195 Extra"]
[Source "ChessBase"]
[SourceDate "2020.05.31"]
[SourceVersion "1"]
[SourceVersionDate "2020.05.31"]
[SourceQuality "1"]

1. d4 Nf6 2. c4 g6 3. Nc3 d5 4. Bg5 Ne4 5. Bh4 c5 6. cxd5 Nxc3 7. bxc3 Qxd5 8. e3 Nc6 9. Qf3 Qxf3 10. Nxf3 cxd4 11. cxd4 e6 12. Bb5 Bb4+ 13. Ke2 Bd7 14. Rab1 Be7 15. Bg3 a6 16. Bd3 Nb4 17. Ne5 Bb5 18. Bxb5+ axb5 19. Rhc1 f6 20. Nf3 Nxa2 21. Rc7 b4 22. Kd3 Ra3+ 23. Kc2 Rc3+ 24. Rxc3 Nxc3 25. Ra1 Kd7 26. Nd2 h5 27. Ra7 Kc6 28. f3 h4 29. Be1 h3 30. g3 Nb5 31. Ra1 e5 32. dxe5 fxe5 33. Nc4 Na3+ 34. Kb3 Nxc4 35. Kxc4 Rd8 36. Ra5 Rd1 37. Bxb4 b5+ 38. Rxb5 Rc1+ 39. Bc3 Rxc3+ 40. Kxc3 Kxb5 41. Kd3 Kc5 42. Ke4 Kd6 43. f4 Ke6 44. Kf3 exf4 45. exf4 Kf5 46. g4+ Kf6 47. Kg3 Bd6 48. Kf3 g5 49. fxg5+ Kxg5 50. Kf2 Bxh2 51. Kf3 Kh4 0-1

[Event "TUR-chT 1st League"]
[Site "Konya"]
[Date "2019.07.27"]
[Round "8.7"]
[White "Yeke, Serkan"]
[Black "Chigladze, Iveri"]
[Result "0-1"]
[WhiteElo "2104"]
[BlackElo "2317"]
[PlyCount "96"]
[EventDate "2019.07.22"]
[EventType "team-swiss"]
[EventRounds "9"]
[EventCountry "TUR"]
[SourceTitle "CBM 191 Extra"]
[Source "ChessBase"]
[SourceDate "2019.09.30"]
[SourceVersion "1"]
[SourceVersionDate "2019.09.30"]
[SourceQuality "1"]
[WhiteTeam "Denizli Metin Surmeli"]
[BlackTeam "Burdurspor Dernegi"]
[WhiteTeamCountry "TUR"]
[BlackTeamCountry "TUR"]

1. Nf3 Nf6 2. c4 e6 3. Nc3 d5 4. d4 Be7 5. Bg5 h6 6. Bh4 0-0 7. e3 Ne4 8. Bxe7 Qxe7 9. Rc1 c6 10. Qc2 Nd7 11. Nxe4 dxe4 12. Qxe4 Qb4+ 13. Nd2 Qxb2 14. Rb1 Qxa2 15. Bd3 Nf6 16. Qh4 Qa5 17. g4 Re8 18. Rg1 Qg5 19. Qg3 e5 20. Nf3 Qxg4 21. Nxe5 Qxg3 22. Rxg3 a5 23. Kd2 a4 24. Rgg1 Ra7 25. c5 Be6 26. f3 a3 27. Bc4 Nd7 28. Nxd7 Bxd7 29. Rb3 Be6 30. Bxe6 Rxe6 31. Ra1 a2 32. e4 Rg6 33. Ke3 Rg2 34. d5 Rxh2 35. Kf4 Kf8 36. dxc6 bxc6 37. Rb6 g5+ 38. Kg3 Rc2 39. Rxc6 h5 40. Rc8+ Kg7 41. c6 h4+ 42. Kg4 Rg2+ 43. Kh5 h3 44. c7 Rc2 45. Kxg5 h2 46. Rd8 Raxc7 47. Rdd1 Rg2+ 48. Kf5 Rb7 0-1

[Event "TUR-chT 1st League"]
[Site "Konya"]
[Date "2019.07.25"]
[Round "5.6"]
[White "Chigladze, Iveri"]
[Black "Dalgar, Hakki Berat"]
[Result "1-0"]
[WhiteElo "2317"]
[BlackElo "1991"]
[PlyCount "109"]
[EventDate "2019.07.22"]
[EventType "team-swiss"]
[EventRounds "9"]
[EventCountry "TUR"]
[SourceTitle "CBM 191 Extra"]
[Source "ChessBase"]
[SourceDate "2019.09.30"]
[SourceVersion "1"]
[SourceVersionDate "2019.09.30"]
[SourceQuality "1"]
[WhiteTeam "Burdurspor Dernegi"]
[BlackTeam "Olbia Satranc"]
[WhiteTeamCountry "TUR"]
[BlackTeamCountry "TUR"]

1. d4 f5 2. Nf3 Nf6 3. g3 g6 4. Bg2 Bg7 5. c4 d6 6. 0-0 0-0 7. Nc3 Qe8 8. d5 Na6 9. Nd4 Bd7 10. Rb1 c6 11. b4 Rc8 12. Ne6 Bxe6 13. dxe6 Nc7 14. e4 fxe4 15. Nxe4 Nxe4 16. Bxe4 Nxe6 17. Bg2 Nd4 18. Be3 e5 19. b5 Qf7 20. Bxd4 exd4 21. Qa4 cxb5 22. Rxb5 Rxc4 23. Qxc4 Qxc4 24. Bd5+ Qxd5 25. Rxd5 Rd8 26. Re1 Kf7 27. f4 Bf6 28. Kg2 Rd7 29. Kf3 Rd8 30. Re2 b6 31. g4 d3 32. Rxd3 d5 33. Rc2 Rd7 34. Ke2 d4 35. Rc6 Be7 36. Rh3 Kg7 37. Kd3 h6 38. Rg3 g5 39. f5 Bf6 40. Rg2 Be5 41. Re2 Rd5 42. Rg6+ Kf7 43. Rxh6 Ra5 44. Ke4 Bf6 45. Rc2 Re5+ 46. Kd3 Re3+ 47. Kd2 Be7 48. Rc7 Kg8 49. Re6 Bb4+ 50. Kd1 Rd3+ 51. Kc2 Rd2+ 52. Kb3 a5 53. Re8+ Bf8 54. Rcc8 a4+ 55. Kxa4 1-0

[Event "TUR-chT 1st League"]
[Site "Konya"]
[Date "2019.07.23"]
[Round "2.4"]
[White "Chigladze, Iveri"]
[Black "Ivic, Velimir"]
[Result "1/2-1/2"]
[WhiteElo "2317"]
[BlackElo "2510"]
[PlyCount "104"]
[EventDate "2019.07.22"]
[EventType "team-swiss"]
[EventRounds "9"]
[EventCountry "TUR"]
[SourceTitle "CBM 191 Extra"]
[Source "ChessBase"]
[SourceDate "2019.09.30"]
[SourceVersion "1"]
[SourceVersionDate "2019.09.30"]
[SourceQuality "1"]
[WhiteTeam "Burdurspor Dernegi"]
[BlackTeam "Burhaniye"]
[WhiteTeamCountry "TUR"]
[BlackTeamCountry "TUR"]

1. d4 Nf6 2. c4 g6 3. Nc3 d5 4. cxd5 Nxd5 5. e4 Nxc3 6. bxc3 Bg7 7. Be3 c5 8. Rc1 Qa5 9. Qd2 0-0 10. Nf3 Bg4 11. Be2 Nd7 12. h3 Bxf3 13. Bxf3 Nb6 14. 0-0 e5 15. dxc5 Nc4 16. Qd3 Nxe3 17. Qxe3 Rfc8 18. Rcd1 Rxc5 19. Rd7 Rxc3 20. Qd2 Qc5 21. Bd1 b5 22. Bb3 Rf8 23. Rd1 a5 24. Rd5 Qc6 25. Rxb5 Qxb5 26. Qxc3 a4 27. Bc4 Qb7 28. Bd5 Qc8 29. Rc1 Qxc3 30. Rxc3 Bf6 31. Rc7 a3 32. Ra7 Kg7 33. g3 h5 34. Kg2 h4 35. Rxa3 hxg3 36. fxg3 Re8 37. h4 Re7 38. Ra8 g5 39. Kh3 gxh4 40. gxh4 Rc7 41. Kg4 Be7 42. Rb8 Rc1 43. Rb7 Rg1+ 44. Kf5 Rf1+ 45. Kxe5 Bxh4 46. a4 Be1 47. Kd6 Kg6 48. e5 Bg3 49. Rb3 Rf6+ 50. Ke7 Bxe5 51. a5 Ra6 52. Rb6+ Rxb6 1/2-1/2

[Event "Cesme op-A 7th"]
[Site "Cesme"]
[Date "2019.06.30"]
[Round "9"]
[White "Chigladze, Iveri"]
[Black "Koksal, Ege"]
[Result "1-0"]
[WhiteElo "2317"]
[BlackElo "2363"]
[PlyCount "197"]
[EventDate "2019.06.24"]
[EventType "swiss"]
[EventRounds "9"]
[EventCountry "TUR"]
[SourceTitle "CBM 191 Extra"]
[Source "ChessBase"]
[SourceDate "2019.09.30"]
[SourceVersion "1"]
[SourceVersionDate "2019.09.30"]
[SourceQuality "1"]

1. Nf3 d5 2. g3 Nf6 3. Bg2 c6 4. 0-0 Bg4 5. d4 Nbd7 6. Nbd2 e6 7. Re1 Be7 8. e4 0-0 9. c3 Rc8 10. a4 Bh5 11. a5 Bg6 12. e5 Ne8 13. Qb3 b6 14. Qa2 Nc7 15. b3 c5 16. Bb2 Nb5 17. c4 dxc4 18. Nxc4 cxd4 19. Nxd4 Nxd4 20. Bxd4 Qc7 21. axb6 axb6 22. Red1 Bh5 23. Rd3 Bg6 24. Rdd1 Bh5 25. Rd3 Bg6 26. Re3 Nc5 27. Rc3 Rfd8 28. Be3 h6 29. h4 Kh8 30. Kh2 Kg8 31. Qa7 Nd7 32. Bd4 b5 33. Qxc7 Rxc7 34. Na5 Rxc3 35. Bxc3 Bc5 36. Nc6 Re8 37. f4 Bf2 38. Ra2 Be3 39. Bb4 Bc5 40. Bc3 Bf8 41. g4 h5 42. g5 Nc5 43. b4 Nd3 44. Kg3 Nc1 45. Rd2 Rc8 46. Kf2 Kh7 47. Ke3 Ra8 48. Bb2 Na2 49. Ne7 Ra6 50. Nxg6 fxg6 51. Rd8 Bxb4 52. Rb8 Bc5+ 53. Kd2 b4 54. Bf1 Rc6 55. Bb5 Rc7 56. Re8 Nc3 57. Bc4 Nd5 58. Bxd5 exd5 59. Rd8 b3 60. Rxd5 Bb4+ 61. Kd3 Rc2 62. Rb5 Rxb2 63. Rxb4 Kg8 64. Rb8+ Kf7 65. Rb7+ Kf8 66. Ke4 Rb1 67. Kd5 b2 68. Ke6 Kg8 69. Ke7 Rf1 70. Rb8+ Kh7 71. Rxb2 Rxf4 72. e6 Kg8 73. Rb8+ Kh7 74. Ke8 Re4 75. Rb6 Kg8 76. Kd7 Re1 77. Rb8+ Kh7 78. Rb4 Kg8 79. Ke7 Re2 80. Rd4 Ra2 81. Rd8+ Kh7 82. Rd7 Kg8 83. Ke8 Ra8+ 84. Rd8 Ra7 85. e7 Kh7 86. Rd7 Ra1 87. Rc7 Rd1 88. Rd7 Ra1 89. Kd8 Ra8+ 90. Kc7 Ra7+ 91. Kd6 Ra6+ 92. Kd5 Ra8 93. Ke6 Kg8 94. Rd8+ Kh7 95. Kf7 Ra7 96. Rd6 Rb7 97. Kf8 Rb4 98. e8Q Rf4+ 99. Rf6 1-0

[Event "Cubuk op 3rd"]
[Site "Cubuk"]
[Date "2017.08.24"]
[Round "9"]
[White "Chigladze, Iveri"]
[Black "Solodovnichenko, Yuri"]
[Result "1-0"]
[WhiteElo "2334"]
[BlackElo "2586"]
[PlyCount "101"]
[EventDate "2017.08.19"]
[EventType "swiss"]
[EventRounds "9"]
[EventCountry "TUR"]
[SourceTitle "CBM 180 Extra"]
[Source "ChessBase"]
[SourceDate "2017.10.06"]
[SourceVersion "1"]
[SourceVersionDate "2017.10.06"]
[SourceQuality "1"]

1. d4 d5 2. c4 e6 3. Nf3 Nf6 4. Nc3 c6 5. e3 Nbd7 6. Bd3 dxc4 7. Bxc4 b5 8. Bd3 a6 9. e4 c5 10. e5 cxd4 11. Nxb5 axb5 12. exf6 gxf6 13. 0-0 Qb6 14. a4 Rxa4 15. Rxa4 bxa4 16. Qxa4 Bc5 17. Bb5 Qa7 18. Qc4 0-0 19. b4 Bb6 20. Bh6 Rd8 21. Qd3 Nf8 22. Bc6 Qe7 23. b5 Qc5 24. Nd2 Qh5 25. Qg3+ Ng6 26. Nc4 Qxh6 27. Nxb6 Qf4 28. Ra1 d3 29. Qxf4 Nxf4 30. Kf1 Kg7 31. Ke1 e5 32. Nxc8 Rxc8 33. Ra8 Rc7 34. Kd2 f5 35. g3 Ne6 36. Kxd3 Nd4 37. Ra6 Rc8 38. Kc4 Kf6 39. Kc5 Ke6 40. h4 h5 41. Ra8 Rxa8 42. Bxa8 Nxb5 43. Bd5+ Kf6 44. Kxb5 e4 45. Kc4 f4 46. Bxe4 Ke5 47. Bf3 fxg3 48. fxg3 f5 49. Bxh5 f4 50. g4 f3 51. g5 1-0

[Event "Cubuk op 3rd"]
[Site "Cubuk"]
[Date "2017.08.20"]
[Round "2"]
[White "Kizilkus, Akin"]
[Black "Chigladze, Iveri"]
[Result "0-1"]
[WhiteElo "1872"]
[BlackElo "2334"]
[PlyCount "58"]
[EventDate "2017.08.19"]
[EventType "swiss"]
[EventRounds "9"]
[EventCountry "TUR"]
[SourceTitle "CBM 180 Extra"]
[Source "ChessBase"]
[SourceDate "2017.10.06"]
[SourceVersion "1"]
[SourceVersionDate "2017.10.06"]
[SourceQuality "1"]

1. d4 d5 2. c4 e6 3. Nc3 Be7 4. Nf3 Nf6 5. e3 0-0 6. b3 b6 7. Bd3 dxc4 8. bxc4 c5 9. 0-0 Bb7 10. Qe2 cxd4 11. exd4 Nc6 12. Rd1 Rc8 13. Bf4 Nb4 14. Ne5 Nxd3 15. Rxd3 Ba6 16. Rg3 Ne8 17. Rd1 f6 18. Ng4 Bxc4 19. Nh6+ Kh8 20. Qh5 gxh6 21. Bxh6 Rg8 22. Qf7 Rxg3 23. hxg3 Rc7 24. d5 Bb4 25. Qh5 Bxc3 26. d6 Rd7 27. Rc1 Nxd6 28. Rxc3 b5 29. Rf3 Be2 0-1

[Event "Cesme op 5th"]
[Site "Cesme"]
[Date "2017.06.17"]
[Round "8"]
[White "Malakhatko, Vadim"]
[Black "Chigladze, Iveri"]
[Result "1/2-1/2"]
[WhiteElo "2518"]
[BlackElo "2326"]
[PlyCount "63"]
[EventDate "2017.06.12"]
[EventType "swiss"]
[EventRounds "9"]
[EventCountry "TUR"]
[SourceTitle "CBM 178 Extra"]
[Source "ChessBase"]
[SourceDate "2017.06.22"]
[SourceVersion "1"]
[SourceVersionDate "2017.06.22"]
[SourceQuality "1"]

1. c4 e6 2. g3 d5 3. Bg2 Nf6 4. Nf3 Be7 5. 0-0 0-0 6. d4 dxc4 7. Ne5 Nc6 8. Nxc6 bxc6 9. Na3 Bxa3 10. bxa3 Rb8 11. Qa4 Qxd4 12. Be3 Qb2 13. Qxc4 Nd5 14. Bxa7 Ra8 15. Bc5 Ba6 16. Qh4 Rfb8 17. Rfe1 Bxe2 18. Bd4 Qb5 19. Bxd5 Qxd5 20. Rxe2 Ra4 21. Rd2 g5 22. Qh6 Rxd4 23. Rxd4 Qxd4 24. Qxg5+ Qg7 25. Qc1 Qb2 26. a4 c5 27. Qe1 Qb4 28. Qc1 Qb2 29. Qxb2 Rxb2 30. a3 Rb3 31. Kf1 Kf8 32. Rc1 1/2-1/2

[Event "Cesme op 5th"]
[Site "Cesme"]
[Date "2017.06.15"]
[Round "6"]
[White "Chigladze, Iveri"]
[Black "Arat, Ufuk Sezen"]
[Result "1-0"]
[WhiteElo "2326"]
[BlackElo "2398"]
[PlyCount "77"]
[EventDate "2017.06.12"]
[EventType "swiss"]
[EventRounds "9"]
[EventCountry "TUR"]
[SourceTitle "CBM 178 Extra"]
[Source "ChessBase"]
[SourceDate "2017.06.22"]
[SourceVersion "1"]
[SourceVersionDate "2017.06.22"]
[SourceQuality "1"]

1. d4 Nf6 2. c4 g6 3. Nc3 Bg7 4. e4 d6 5. Nf3 0-0 6. Be2 e5 7. 0-0 Na6 8. Be3 Ng4 9. Bg5 Qe8 10. dxe5 dxe5 11. Nd2 h6 12. Bh4 h5 13. a3 f6 14. b4 Be6 15. h3 Nh6 16. c5 Rd8 17. Qc2 g5 18. Bg3 h4 19. Bh2 g4 20. hxg4 Nxg4 21. c6 h3 22. Bg3 Qg6 23. Bc4 Bxc4 24. Nxc4 hxg2 25. Kxg2 bxc6 26. Rad1 Rd4 27. Rxd4 exd4 28. Ne2 c5 29. f3 Ne5 30. bxc5 Qf7 31. Nxe5 fxe5 32. f4 d3 33. Qxd3 Nxc5 34. Qc2 Qe7 35. Qc4+ Rf7 36. fxe5 Ne6 37. Nc3 Rxf1 38. Kxf1 Kh7 39. Kg2 1-0

[Event "Cesme op 5th"]
[Site "Cesme"]
[Date "2017.06.14"]
[Round "4"]
[White "Chigladze, Iveri"]
[Black "Khamrakulov, Djurabek"]
[Result "0-1"]
[WhiteElo "2326"]
[BlackElo "2478"]
[PlyCount "88"]
[EventDate "2017.06.12"]
[EventType "swiss"]
[EventRounds "9"]
[EventCountry "TUR"]
[SourceTitle "CBM 178 Extra"]
[Source "ChessBase"]
[SourceDate "2017.06.22"]
[SourceVersion "1"]
[SourceVersionDate "2017.06.22"]
[SourceQuality "1"]

1. d4 Nf6 2. c4 e6 3. Nc3 Bb4 4. Qc2 d5 5. cxd5 exd5 6. Bg5 h6 7. Bxf6 Qxf6 8. a3 Bxc3+ 9. Qxc3 0-0 10. e3 Bf5 11. Ne2 c6 12. Ng3 Bg6 13. Be2 Nd7 14. Rc1 Qe6 15. 0-0 f5 16. b4 a6 17. a4 Nb6 18. Ra1 f4 19. exf4 Rxf4 20. b5 Nc4 21. Rae1 Qd6 22. Bxc4 dxc4 23. Qxc4+ Bf7 24. Qc1 axb5 25. axb5 cxb5 26. Ne4 Qb8 27. Re3 Rh4 28. h3 Ra4 29. Qc5 Rh5 30. Qe7 Qf8 31. Qxb7 Rxd4 32. Rfe1 Rf5 33. Qb6 Rdd5 34. Ra1 b4 35. Qc6 Rd8 36. Rc1 b3 37. Ng3 Rxf2 38. Kxf2 Bd5+ 39. Rf3 Bxc6 40. Rxf8+ Rxf8+ 41. Ke2 Bxg2 42. Rb1 Rf3 43. Nh5 Rxh3 44. Nf4 Be4 0-1

[Event "Malatya Golden Apricot op 4th"]
[Site "Malatya"]
[Date "2016.08.26"]
[Round "9"]
[White "Chigladze, Iveri"]
[Black "Rahmanov, Shahriyar Teymur Og"]
[Result "0-1"]
[WhiteElo "2346"]
[BlackElo "2332"]
[PlyCount "140"]
[EventDate "2016.08.21"]
[EventType "swiss"]
[EventRounds "9"]
[EventCountry "TUR"]
[SourceTitle "CBM 174 Extra"]
[Source "ChessBase"]
[SourceDate "2016.10.10"]
[SourceVersion "1"]
[SourceVersionDate "2016.10.10"]
[SourceQuality "1"]

1. d4 Nf6 2. Nf3 d6 3. c4 Nbd7 4. b3 e5 5. Nc3 c6 6. g3 b5 7. Bg2 e4 8. Ng5 d5 9. 0-0 b4 10. Na4 h6 11. Nh3 Nb6 12. c5 Nxa4 13. bxa4 Be7 14. f3 0-0 15. Nf2 Re8 16. Bf4 Ba6 17. Re1 Bf8 18. g4 g5 19. Bg3 Qa5 20. Qc2 Bg7 21. Rad1 Rad8 22. e3 exf3 23. Bxf3 Re6 24. Rb1 Rde8 25. Qd2 Qxa4 26. Rxb4 Qa5 27. Be5 Nd7 28. Bxg7 Kxg7 29. e4 dxe4 30. Rxe4 Nf6 31. Rxe6 Rxe6 32. Kg2 Nd5 33. Bxd5 Re2 34. Qc3 cxd5 35. a3 Ra2 36. Qg3 Re2 37. c6 Re1 38. Nd3 Re2+ 39. Nf2 Re1 40. Qc3 Bf1+ 41. Kg1 Rb1 42. h4 gxh4 43. c7 Ba6+ 44. Kg2 Bc8 45. Nd3 Rd1 46. Nf2 Rb1 47. Nd3 Rd1 48. Ne5 Qa6 49. Qf3 h3+ 50. Kxh3 Rf1 51. Qg2 Qxa3+ 52. Kh2 Rc1 53. Rb2 Qd6 54. g5 h5 55. Rc2 Rxc2 56. Qxc2 Qe6 57. Qb3 Qf5 58. Qxd5 Qf4+ 59. Kh1 h4 60. Qf3 Qc1+ 61. Kh2 Qxc7 62. Qf6+ Kg8 63. Qf2 h3 64. Qb2 Be6 65. Kg3 a5 66. d5 Bxd5 67. Kxh3 Be6+ 68. Kh4 Qd6 69. Kh5 Qd1+ 70. Kh4 Qe1+ 0-1

[Event "Malatya Golden Apricot op 4th"]
[Site "Malatya"]
[Date "2016.08.25"]
[Round "8"]
[White "Bacak, Muhammed Kaan"]
[Black "Chigladze, Iveri"]
[Result "0-1"]
[WhiteElo "1976"]
[BlackElo "2346"]
[PlyCount "80"]
[EventDate "2016.08.21"]
[EventType "swiss"]
[EventRounds "9"]
[EventCountry "TUR"]
[SourceTitle "CBM 174 Extra"]
[Source "ChessBase"]
[SourceDate "2016.10.10"]
[SourceVersion "1"]
[SourceVersionDate "2016.10.10"]
[SourceQuality "1"]

1. d4 d5 2. c4 e6 3. Nc3 Nf6 4. Bg5 Be7 5. e3 0-0 6. Nf3 h6 7. Bh4 Ne4 8. Bxe7 Qxe7 9. Rc1 c6 10. Bd3 Nxc3 11. Rxc3 dxc4 12. Bxc4 Nd7 13. 0-0 b6 14. Qe2 a5 15. Bd3 c5 16. Bb5 cxd4 17. Nxd4 Nc5 18. Rfc1 e5 19. Nb3 Ne6 20. Qh5 Ng5 21. Bc6 Rb8 22. Nd2 Bf5 23. Nf3 Bg6 24. Qg4 Nxf3+ 25. Qxf3 Rbd8 26. Qe2 Qg5 27. Rb3 Rd6 28. Qb5 Rfd8 29. h3 Qf6 30. Bf3 Bd3 31. Qa4 g6 32. Rbc3 e4 33. Bg4 h5 34. Bc8 b5 35. Qxa5 Bc4 36. R3c2 Rd1+ 37. Rxd1 Rxd1+ 38. Kh2 Qd6+ 39. g3 Qd3 40. Qa8 Qxc2 0-1

[Event "Malatya Golden Apricot op 4th"]
[Site "Malatya"]
[Date "2016.08.22"]
[Round "3"]
[White "Chigladze, Iveri"]
[Black "Zhigalko, Andrey"]
[Result "0-1"]
[WhiteElo "2346"]
[BlackElo "2610"]
[PlyCount "92"]
[EventDate "2016.08.21"]
[EventType "swiss"]
[EventRounds "9"]
[EventCountry "TUR"]
[SourceTitle "CBM 174 Extra"]
[Source "ChessBase"]
[SourceDate "2016.10.10"]
[SourceVersion "1"]
[SourceVersionDate "2016.10.10"]
[SourceQuality "1"]

1. d4 Nf6 2. c4 c5 3. d5 b5 4. cxb5 a6 5. bxa6 g6 6. Nc3 Bg7 7. e4 0-0 8. Nf3 Qa5 9. Bd2 Bxa6 10. Be2 d6 11. 0-0 Bxe2 12. Qxe2 Qa6 13. Nb5 Nxe4 14. Qxe4 Qxb5 15. Qxe7 Qd7 16. Qxd7 Nxd7 17. Bc3 Bxc3 18. bxc3 Ra4 19. Nd2 Rfa8 20. f3 Ne5 21. Ne4 Nc4 22. Rf2 h6 23. g4 Kg7 24. Re2 Re8 25. Kf2 Re5 26. Rd1 f5 27. gxf5 Rxf5 28. Rb1 Ra7 29. Rd1 Raf7 30. Kg1 Rxf3 31. Rde1 Rd3 32. a4 Rxd5 33. Ng3 Rd3 34. Ne4 Rd5 35. Ng3 h5 36. Ne4 g5 37. Nf2 g4 38. Kg2 Ne5 39. a5 Ng6 40. Ra2 Nh4+ 41. Kg3 Nf3 42. Rb1 h4+ 43. Kxg4 Rg5+ 44. Kh3 Ng1+ 45. Kxh4 Nf3+ 46. Kh3 Rf4 0-1

[Event "Kesan op 14th"]
[Site "Kesan"]
[Date "2016.08.19"]
[Round "9"]
[White "Chigladze, Iveri"]
[Black "Ozoglu, Berker"]
[Result "1-0"]
[WhiteElo "2346"]
[BlackElo "1880"]
[PlyCount "51"]
[EventDate "2016.08.14"]
[EventType "swiss"]
[EventRounds "9"]
[EventCountry "TUR"]
[SourceTitle "CBM 173 Extra"]
[Source "ChessBase"]
[SourceDate "2016.08.29"]
[SourceVersion "1"]
[SourceVersionDate "2016.08.29"]
[SourceQuality "1"]

1. Nf3 g6 2. c4 Bg7 3. Nc3 d6 4. g3 c6 5. Bg2 Nf6 6. 0-0 0-0 7. Rb1 Bf5 8. d3 d5 9. cxd5 Nxd5 10. e4 Nxc3 11. bxc3 Bg4 12. Rxb7 Bxc3 13. Ba3 Re8 14. Qc2 Bc8 15. Rxb8 Rxb8 16. Qxc3 Ba6 17. Rd1 Qc7 18. h4 h5 19. Bb2 f6 20. e5 Rf8 21. exf6 exf6 22. Nd4 c5 23. Ne6 Qb6 24. Nxf8 Qxb2 25. Qxb2 Rxb2 26. Nxg6 1-0